| 000 | 00471nam a22001817a 4500 | ||
|---|---|---|---|
| 999 |
_c902 _d902 |
||
| 003 | OSt | ||
| 005 | 20180829201232.0 | ||
| 008 | 180829b ||||| |||| 00| 0 eng d | ||
| 020 | _a819010946 | ||
| 040 | _cDLC | ||
| 082 |
_a266 _bT451H |
||
| 100 | _aThollander, Jon | ||
| 245 |
_aHe Saw A Man Named: Mathews _cJon Thollander |
||
| 260 |
_aUdaipur, India: _bNative Missionary Movement, _c2000. |
||
| 300 | _a135 p.: | ||
| 650 |
_aMissionary _xChristianity |
||
| 942 |
_2ddc _cBK |
||